Later works : Black boy ( American hunger ); The outside

Black Boy (American Hunger) serves as a the real life basis for the novels in the first volume of this collection. It relates Wright's experiences growing up in the south and gradually moving north, ultimately to Chicago. It's fascinating and completely believable and really points out the...

Cijeli opis

Spremljeno u:
Bibliografski detalji
Glavni autor: Wright, Richard
Format: Knjiga
Jezik:Undetermined
Izdano: New York, NY The Library of America 1991
Teme:
Oznake: Dodaj oznaku
Bez oznaka, Budi prvi tko označuje ovaj zapis!
Thư viện lưu trữ: Trung tâm Học liệu Trường Đại học Cần Thơ
LEADER 01281nam a2200229Ia 4500
001 CTU_125530
008 210402s9999 xx 000 0 und d
082 |a 813.52 
082 |b W953 
100 |a Wright, Richard 
245 0 |a Later works : 
245 0 |b Black boy ( American hunger ); The outside 
245 0 |c Richard Wright ; Edited by Arnold Rampesad 
260 |a New York, NY 
260 |b The Library of America 
260 |c 1991 
520 |a Black Boy (American Hunger) serves as a the real life basis for the novels in the first volume of this collection. It relates Wright's experiences growing up in the south and gradually moving north, ultimately to Chicago. It's fascinating and completely believable and really points out the absurdities of racism and Jim Crow-ism, as well as the coldness of the northerners. The Outsider is a departure from much of Wright's other work. While about a black character, it is essentially a musing on the intellectual and physical power one has, and their ability to wield it undetected, as long as they fit into another's stereotypes 
650 |a Afro-Americans,American fiction 
650 |x Literacy collections 
650 |y 20th century 
904 |i Minh 
980 |a Trung tâm Học liệu Trường Đại học Cần Thơ